000 00853nam a2200205 i 4500
001 47188
003 ES-MaACL
005 20230906161522.0
007 t|
008 030404s1952 sp ||||1| spa d
245 0 0 _aConvenio de Ginebra para mejorar la suerte de los heridos y enfermos de las fuerzas armadas en campaña
_b: Ginebra, 12 de agosto de 1949.
260 _aMadrid :
_b[s.n.,
_c1952] (
_fImp. del Ministerio de Asuntos Exteriores)
300 _a35 p. ;
_c23 cm.
594 _aPrecede al tít.: Ministerio de Asuntos Exteriores. Registro de Tratados.
650 4 _aVíctimas de guerra.
_9171569
650 0 0 _aDerecho humanitario-
_vTratados, convenios, etc.
_9171561
710 1 _aEspaña.
_bMinisterio de Asuntos Exteriores.
_bRegistro de Tratados.
_9168910
740 0 2 _aI Convenio de Ginebra, 1949.
852 _aES-MaACL
_j1970-F-15
999 _c47188
_d47188